Doctor who trivia (2005-2011) - Statistics

General Stats
  • This quiz has been taken 492 times
  • The average score is 8 of 10
Answer Stats
Hint Answer % Correct
The daughter of Amy and Rory and the wife of the Eleventh doctor. River Song
98%
the name of the girl who waited. Amelia Pond
97%
GERONIMO, which doctor said this? (nine, ten or eleven) Eleven
97%
the actors name of the tenth doctor. David Tennant
96%
_____ are cool. Bowties
95%
Who's the face of Bo? Captain Jack Harkness
95%
Who looked into the heart of the tardis and created the man who could never die? Rose Tyler
91%
Lets go in french. Allons y
76%
Who caused the death of the tenth Doctor? Wilfred Mott
54%
The only mystery worth solving. Clara Oswin Oswald
43%
No matching quizzes found
Score Distribution
Percent of People with Each Score
Percentile by Number Answered
Your Score History
You have not taken this quiz